000 00633nam a2200217Ia 4500
005 20260429111932.0
008 260429s9999||||xx |||||||||||||| ||und||
020 _a9789388540704
041 _aEnglish
082 _a954.5
_bSIN
100 _aSingh, Surinder
245 0 _aMaking of medieval Punjab :
_bpolitics society and culture C.1000-C. 1500 /
_cSurinder Singh
250 _a1st ed.
260 _aNew Delhi :
_bManohar Publishers and Distributors,
_c2024.
300 _a636 p.; hb
650 _a Cultural studies
650 _a Medieval India
650 _a Social history
650 _aPunjab-History
942 _cTB
999 _c51511
_d51511